000 00406nam a22001217a 4500
999 _c6997
_d6997
008 200408b ||||| |||| 00| 0 eng d
020 _a978-92-807-2962-7
245 _aMainstreaming Poverty-Environment Linkages Into Development Planning:
_bA Handbook for practitioners/
_cUNDP,
_hEnglish.
260 _aNairobi:
_bUNDP-UNEP,
_c2009.
300 _ax, 118p;
_b30cm.-
650 _2ENVIRONMENT
942 _2ddc
_cBOOKS